<?xml version="1.0" encoding="UTF-8"?>
<record
    xmlns:xsi="http://www.w3.org/2001/XMLSchema-instance"
    xsi:schemaLocation="http://www.loc.gov/MARC21/slim http://www.loc.gov/standards/marcxml/schema/MARC21slim.xsd"
    xmlns="http://www.loc.gov/MARC21/slim">

  <leader>03025cam a22005178a 4500</leader>
  <controlfield tag="001">52980525</controlfield>
  <controlfield tag="003">PE-LiUPU</controlfield>
  <controlfield tag="005">20250731173604.0</controlfield>
  <controlfield tag="008">030829s2003    dcu      b    001 0deng  </controlfield>
  <datafield tag="020" ind1=" " ind2=" ">
    <subfield code="a">0915170353</subfield>
  </datafield>
  <datafield tag="035" ind1=" " ind2=" ">
    <subfield code="a">.b16685209</subfield>
  </datafield>
  <datafield tag="035" ind1=" " ind2=" ">
    <subfield code="a">.b16685209</subfield>
  </datafield>
  <datafield tag="040" ind1=" " ind2=" ">
    <subfield code="a">DLC</subfield>
    <subfield code="c">PE-LiUPU</subfield>
    <subfield code="d">PE-LiUPU</subfield>
    <subfield code="b">spa</subfield>
    <subfield code="e">rda</subfield>
  </datafield>
  <datafield tag="042" ind1=" " ind2=" ">
    <subfield code="a">pcc</subfield>
  </datafield>
  <datafield tag="043" ind1=" " ind2=" ">
    <subfield code="a">a-is---</subfield>
  </datafield>
  <datafield tag="049" ind1=" " ind2=" ">
    <subfield code="a">EXNs</subfield>
  </datafield>
  <datafield tag="050" ind1="0" ind2="0">
    <subfield code="a">BS580.A6</subfield>
    <subfield code="b">S64 2003</subfield>
  </datafield>
  <datafield tag="082" ind1="0" ind2="0">
    <subfield code="a">224.8067</subfield>
    <subfield code="b">S822s</subfield>
    <subfield code="2">23</subfield>
  </datafield>
  <datafield tag="100" ind1="1" ind2=" ">
    <subfield code="a">Steiner, Richard C.</subfield>
    <subfield code="e">autor.</subfield>
  </datafield>
  <datafield tag="245" ind1="1" ind2="0">
    <subfield code="a">Stockmen from Tekoa, sycomores from Sheba :</subfield>
    <subfield code="b">a study of Amos' occupations /</subfield>
    <subfield code="c">por Richard C. Steiner.</subfield>
  </datafield>
  <datafield tag="250" ind1=" " ind2=" ">
    <subfield code="a">Primera edici&#xF3;n.</subfield>
  </datafield>
  <datafield tag="264" ind1=" " ind2=" ">
    <subfield code="a">Washington, D.C. :</subfield>
    <subfield code="b">Catholic Biblical Association of America,</subfield>
    <subfield code="c">c2003.</subfield>
  </datafield>
  <datafield tag="300" ind1=" " ind2=" ">
    <subfield code="a">x, 158 p&#xE1;ginas ;</subfield>
    <subfield code="c">23 cm.</subfield>
  </datafield>
  <datafield tag="440" ind1=" " ind2="4">
    <subfield code="a">The Catholic Biblical quarterly.</subfield>
    <subfield code="p">Monograph series ;</subfield>
    <subfield code="v">36.</subfield>
  </datafield>
  <datafield tag="504" ind1=" " ind2=" ">
    <subfield code="a">Incluye referencias bibliogr&#xE1;ficas e &#xED;ndices.</subfield>
  </datafield>
  <datafield tag="505" ind1=" " ind2=" ">
    <subfield code="a">Acknowledgments -- Introduction -- &#x5D1;&#x5D5;&#x5DC;&#x5E1; &#x5E9;&#x5E7;&#x5DE;&#x5D9;&#x5DD;: History of Interpretation -- Ancient and Medieval Interpretations of &#x5D1;&#x5D5;&#x5DC;&#x5E1; -- The Septuagint&#x2019;s Interpretation of &#x5D1;&#x5D5;&#x5DC;&#x5E1; and Sycomore Horticulture -- The Septuagint&#x2019;s Translation of &#x5E9;&#x5E7;&#x5DE;&#x5D9;&#x5DD;: The Meaning and Etymology of &#x3C3;&#x3C5;&#x3BA;&#x3AC;&#x3BC;&#x3B9;&#x3BD;&#x3BF;&#x3C2; -- Aquila&#x2019;s Interpretation of &#x5D1;&#x5D5;&#x5DC;&#x5E1; -- Rashi&#x2019;s Interpretation of &#x5D1;&#x5D5;&#x5DC;&#x5E1; and Sycomore Silviculture -- &#x5D1;&#x5D5;&#x5DC;&#x5E1;: Etymology and Meaning -- Bochart&#x2019;s Etymology of &#x5D1;&#x5D5;&#x5DC;&#x5E1; -- Bochart&#x2019;s Etymology and a Post-biblical Survival of &#x5D1;&#x5D5;&#x5DC;&#x5E1; &#x201C;Sycomore Fig&#x201D; -- Bochart&#x2019;s Etymology and the Meaning of &#x5D1;&#x5D5;&#x5DC;&#x5E1; &#x5E9;&#x5E7;&#x5DE;&#x5D9;&#x5DD; -- &#x5D1;&#x5D5;&#x5DC;&#x5E1; and &#x5E9;&#x5E7;&#x5DE;&#x5D4;: Linguistic Evidence for the Origin of the Biblical Sycomore -- The Controversy Surrounding the Origin of the Biblical Sycomore -- The Distribution of Bls and &#x160;qmt in the Semitic Languages -- &#x5D1;&#x5D5;&#x5DC;&#x5E1; and &#x5E9;&#x5E7;&#x5DE;&#x5D4;: Lexical and Botanical Imports from South Arabia -- The Etymology of &#x5E9;&#x5E7;&#x5DE;&#x5D4; -- &#x5DE;&#x5D0;&#x5D7;&#x5E8;&#x5D9; &#x5D4;&#x5E6;&#x5D0;&#x5DF;, &#x5D1;&#x5D5;&#x5E7;&#x5E8;, &#x5D1;&#x5E7;&#x5E8;&#x5D9;&#x5DD; -- The Meaning of &#x5D1;&#x5D5;&#x5E7;&#x5E8; -- The Meaning of &#x5D1;&#x5E7;&#x5E8;&#x5D9;&#x5DD; -- The Syntax of &#x5D3;&#x5D1;&#x5E8;&#x5D9; &#x5E2;&#x5DE;&#x5D5;&#x5E1; &#x5D0;&#x5E9;&#x5E8; &#x5D4;&#x5D9;&#x5D4; &#x5D1;&#x5E0;&#x5E7;&#x5E8;&#x5D9;&#x5DD; &#x5DE;&#x5EA;&#x5E7;&#x5D5;&#x5E2; -- The Meaning of &#x5D5;&#x5D9;&#x5E7;&#x5D7;&#x5E0;&#x5D9; &#x5D9;&#x5D4; &#x5DE;&#x5D0;&#x5D7;&#x5E8;&#x5D9; &#x5D4;&#x5E6;&#x5D0;&#x5DF; -- Amos&#x2019; Occupations -- The Herdsmen from Tekoa -- The Location of Amos&#x2019; Sycomores -- Linking the Two Occupations -- Amos&#x2019; Occupations and His Prophecies.</subfield>
  </datafield>
  <datafield tag="526" ind1=" " ind2=" ">
    <subfield code="a">SEG42</subfield>
  </datafield>
  <datafield tag="526" ind1=" " ind2=" ">
    <subfield code="a">SEG41</subfield>
  </datafield>
  <datafield tag="526" ind1=" " ind2=" ">
    <subfield code="a">SEG40</subfield>
  </datafield>
  <datafield tag="526" ind1=" " ind2=" ">
    <subfield code="a">SEG39</subfield>
  </datafield>
  <datafield tag="526" ind1=" " ind2=" ">
    <subfield code="a">P94</subfield>
  </datafield>
  <datafield tag="526" ind1=" " ind2=" ">
    <subfield code="a">P87</subfield>
  </datafield>
  <datafield tag="526" ind1=" " ind2=" ">
    <subfield code="a">P86</subfield>
  </datafield>
  <datafield tag="526" ind1=" " ind2=" ">
    <subfield code="a">P85</subfield>
  </datafield>
  <datafield tag="526" ind1=" " ind2=" ">
    <subfield code="a">P77</subfield>
  </datafield>
  <datafield tag="526" ind1=" " ind2=" ">
    <subfield code="a">P76</subfield>
  </datafield>
  <datafield tag="526" ind1=" " ind2=" ">
    <subfield code="a">P35</subfield>
  </datafield>
  <datafield tag="600" ind1="1" ind2="4">
    <subfield code="a">Am&#xF3;s</subfield>
    <subfield code="c">(Profeta b&#xED;blico)</subfield>
    <subfield code="x">Carrera en agricultura.</subfield>
    <subfield code="9">5089</subfield>
  </datafield>
  <datafield tag="600" ind1=" " ind2="0">
    <subfield code="a">Am&#xF3;s</subfield>
    <subfield code="c">(Profeta b&#xED;blico)</subfield>
    <subfield code="x">Carrera en pastoreo.</subfield>
    <subfield code="9">5090</subfield>
  </datafield>
  <datafield tag="630" ind1="2" ind2="4">
    <subfield code="a">Biblia.</subfield>
    <subfield code="p">Am&#xF3;s 1: 1</subfield>
    <subfield code="x">Cr&#xED;tica interpretaci&#xF3;n, etc.</subfield>
    <subfield code="9">5091</subfield>
  </datafield>
  <datafield tag="630" ind1="2" ind2="4">
    <subfield code="a">Biblia.</subfield>
    <subfield code="p">Am&#xF3;s 7: 14-15</subfield>
    <subfield code="x">Cr&#xED;tica, interpretaci&#xF3;n, etc.</subfield>
    <subfield code="9">5092</subfield>
  </datafield>
  <datafield tag="650" ind1="2" ind2="4">
    <subfield code="a">Agricultura</subfield>
    <subfield code="z">Palestina.</subfield>
    <subfield code="9">5093</subfield>
  </datafield>
  <datafield tag="650" ind1="2" ind2="4">
    <subfield code="a">Pastoreo</subfield>
    <subfield code="z">Palestina.</subfield>
    <subfield code="9">5094</subfield>
  </datafield>
  <datafield tag="942" ind1=" " ind2=" ">
    <subfield code="2">ddc</subfield>
    <subfield code="c">BK</subfield>
    <subfield code="n">0</subfield>
  </datafield>
  <datafield tag="980" ind1=" " ind2=" ">
    <subfield code="6">18226</subfield>
    <subfield code="a">Jaime Vilcaz&#xE1;n Jefe de An&#xE1;lisis Documental</subfield>
    <subfield code="8">1</subfield>
    <subfield code="g">ALBERTO SANCHEZ Responsable de Automatizaci&#xF3;n</subfield>
  </datafield>
  <datafield tag="999" ind1=" " ind2=" ">
    <subfield code="c">62881</subfield>
    <subfield code="d">62880</subfield>
  </datafield>
  <datafield tag="952" ind1=" " ind2=" ">
    <subfield code="r">2025-12-02 00:00:00</subfield>
    <subfield code="l">0</subfield>
    <subfield code="o">224.8067 S822s</subfield>
    <subfield code="p">82565</subfield>
    <subfield code="t">e1</subfield>
    <subfield code="v">16.00</subfield>
    <subfield code="w">2025-03-10</subfield>
    <subfield code="x">FACTEO</subfield>
    <subfield code="y">BK</subfield>
    <subfield code="1">0</subfield>
    <subfield code="2">ddc</subfield>
    <subfield code="5">0</subfield>
    <subfield code="7">0</subfield>
    <subfield code="8">GEN</subfield>
    <subfield code="f">P35</subfield>
    <subfield code="a">BUL</subfield>
    <subfield code="b">BUL</subfield>
    <subfield code="c">GEN</subfield>
    <subfield code="d">2024-12-23</subfield>
    <subfield code="e">Donaci&#xF3;n, Merling Alom&#xED;a</subfield>
  </datafield>
</record>
